000 00250nam a2200097Ia 4500
001 1207794
005 20250827022833.0
008 250824s9999 xx 000 0 und d
245 0 _aUZAKLARIN ŞARKISI
_cKAAN MURAT YANIK
260 _bEVEREST YAYINLARI
999 _c1207794
_d1207794